000 00334nam a2200133Ia 4500
008 240624s9999 xx 000 0 und d
041 _aeng
082 _a332.024 PFA
100 _aPFAU WADE DONALD
245 _aSAFETY FIRST RETIREMENT PLANNING AN INTE
260 _c2019
_aNew Delhi
_bWade D Pfau
300 _a368 p.
365 _cRS
999 _c31922
_d31922